El niño que enloquecío de amor / (Registro nro. 10221)

Detalles MARC
000 -LIDER
fixed length control field 00517nam a22001937a 4500
001 - NÚMERO DE CONTROL
Identificador de número de control 741
003 - IDENTIFICACDOR DE NÚMERO DE CONTROL
control field DO-SdBNP
005 - DATE AND TIME OF LATEST TRANSACTION
control field 20171129133334.0
007 - CAMPOS FIJOS DE DESCRIPCIÓN FÍSICA
fixed length control field 741
008 - ELEMENTOS DE LONGITUD FIJA
fixed length control field 160525b 19uu xx || |||| 00| 0 spa d
040 ## - FUENTE DE CATALOGACIÓN
Agencia que crea de manera original el registro BPMSU
Idioma de catalogación spa
Agencia que realiza la transcripción BPMSU
100 1# - ASIENTO PRINCIPAL -- NOMBRE PERSONAL
Nombre personal Barrios, Eduardo
245 10 - MENCIÓN DE TITULO
Título El niño que enloquecío de amor /
Mención de responsabilidad Eduardo Barrios.
260 ## - PUBLICACIÓN, DISTRIBUCIÓN, ETC. (PIE DE IMPRENTA)
Lugar de publicación, distribución, etc [s.l
Nombre del editor, distribuidor, etc. s.n.
Fecha de publicación, distribución, etc 190?]
300 ## - DESCRIPCIÓN FÍSICA
Extensión 58 p. :
Otros detalles físicos il. ;
Dimensiones 22 cm.
942 ## - ADDED ENTRY ELEMENTS (KOHA)
Source of classification or shelving scheme Dewey Decimal Classification
Koha item type Libros
945 ## - INFORMACIÓN DE PROCESAMIENTO LOCAL
Información de procesamiento local inventariado extranjero / DG
956 ## - LOCAL ELECTRONIC LOCATION AND ACCESS (OCLC)
Nombre de host VMATEO
Número de acceso 10
Información de compresión 20160525
Trayectoria BPMSU
Nombre Electrónico 0069
Existencias
Withdrawn status Lost status Source of classification or shelving scheme Damaged status Not for loan Collection code Home library Current library Date acquired Total Checkouts Barcode Date last seen Price effective from Koha item type
    Dewey Decimal Classification     Colección General Biblioteca Pública Metropolitana Salomé Ureña Biblioteca Pública Metropolitana Salomé Ureña 05/25/2016   BPMET16050448 05/25/2016 05/25/2016 Libros